Estudi de les zones denudades del Vallès Oriental / Antoni Batlle
ISBN:
84-500-2862-0
Descripción Física:
III, 69 p. : taules; 29 cm + 1 mapa (30 x 39 cm plegat en 30 x 21 cm)
Materias:
Geologia -- Vallès Oriental
MARC
| LEADER | 00000nam a2200000Ia 4500 | ||
|---|---|---|---|
| 001 | 21705 | ||
| 003 | BGR | ||
| 005 | 20260324180105.0 | ||
| 008 | 160829s1978 xx 000 0 cat d | ||
| 020 | |a 84-500-2862-0 | ||
| 080 | |a C-3-209 | ||
| 100 | |a Batlle, Antoni |9 46059 | ||
| 245 | |a Estudi de les zones denudades del Vallès Oriental / Antoni Batlle | ||
| 260 | |a Barcelona : |b Diputació Provincial de Barcelona, |c 1978 | ||
| 300 | |a III, 69 p. : |b taules; |c 29 cm + 1 mapa (30 x 39 cm plegat en 30 x 21 cm) | ||
| 490 | |a Estudis i monografies de la Unitat d'Ecologia Aplicada del Servei de Parcs Naturals i Medi Ambient, Diputació Provincial de Barcelona ; 1 | ||
| 650 | |a Geologia |x Vallès Oriental |9 46060 | ||
| 710 | 1 | |a Barcelona (Catalunya : Província). |b Diputació |b Unitat d'Ecologia Aplicada |9 52408 | |
| 901 | |a Arxiu | ||
| 942 | |n 1 |2 udc |c MON | ||
| 952 | |0 0 |1 0 |4 0 |6 C3209 |7 1 |9 52954 |a Arxiu |b Arxiu |d 2016-12-01 |l 0 |o C-3-209 |p 21705 |r 2016-12-01 00:00:00 |w 2016-12-01 |y ARXIU | ||
| 999 | |c 56803 |d 56803 | ||